书目信息 |
| 题名: |
100名中外作家的创作之道
|
|
| 作者: | 高永华 , 王东 编著 | |
| 分册: | ||
| 出版信息: | 北京 中国社会出版社 1998.07 |
|
| 页数: | 309页 | |
| 开本: | 32开 | |
| 丛书名: | ||
| 单 册: | ||
| 中图分类: | K815.56 | |
| 科图分类: | ||
| 主题词: | 传记 | |
| 电子资源: | ||
| ISBN: | 7-80088-998-X | |
| 000 | 00628nam0 2200205 45 | |
| 001 | 0011021157 | |
| 005 | 20001102112041.7 | |
| 010 | @a7-80088-998-X@d15.00元 | |
| 100 | @a20001102d1998 km y0chiy0120 ea | |
| 101 | 0 | @achi |
| 105 | @a z 000yy | |
| 200 | 1 | @a100名中外作家的创作之道@A100 Ming Zhong Wai Zuo Jia De Chuang Zuo Zhi Dao@f高永华,王东等编著@FGao Yong Hua,Wang Dong Deng Bian Zhu |
| 210 | @a北京@c中国社会出版社@d1998.07 | |
| 215 | @a309页@d32开 | |
| 606 | 0 | @a传记 |
| 690 | @aK815.56@v3 | |
| 701 | 0 | @a高永华@4编著 |
| 701 | 0 | @a王东@4编著 |
| 801 | @aCN@bPftUser@c20001102 | |
| 905 | @b196327-328@dK815.56@eG335@f2 | |
| 100名中外作家的创作之道/高永华,王东等编著.-北京:中国社会出版社,1998.07 |
| 309页;32开 |
| ISBN 7-80088-998-X:15.00元 |
| ● |
| 相关链接 |
|
|
|
正题名:100名中外作家的创作之道
索取号:K815.56/G335
 
预约/预借
| 序号 | 登录号 | 条形码 | 馆藏地/架位号 | 状态 | 备注 |
| 1 | 196327 | 201963278 | 社科库309/309社科库 43排3列4层/ [索取号:K815.56/G335] | 在馆 | |
| 2 | 196328 | 201963287 | 自科二线404/309社科库 45排7列1层/ [索取号:K815.56/G335] | 在馆 |